Kam vedú cesty matematiky

Bibliographic Details
Main Author: Riečan, Beloslav, 1936-2018 (Author)
Format: Article
Language:Slovak
PhysicalDescription:Fotogr.
ISSN:1336-2526
Subjects:

MARC

LEADER 00000nab a2200000 a 4500
001 vtls000851189
003 SK-MaSNL
005 20260303125045.0
008 140617c xo 0 slo
015 |a SNBRB2003/11-31203 
035 |a CLN000202844 
040 |a SNKBUCL  |b slo  |c SNKBUCL  |e AACR2 
041 0 |a slo 
044 |a xo  |c SK 
080 |a 51"19"  |2 1997 
100 1 |a Riečan, Beloslav,  |d 1936-2018  |4 aut  |9 222087 
245 1 0 |a Kam vedú cesty matematiky  |c Beloslav Riečan 
300 |b Fotogr. 
650 0 7 |a matematika  |y stor. 20.  |2 snkbucl  |9 1143076 
655 7 |a články z novín a časopisov  |2 snkbucl  |9 267496 
773 0 |t Tvorba T  |g Roč. 13 (22), č. 2 (2003), s. 16-17  |x 1336-2526 
850 |a Slovenská národná knižnica v Martine 
852 |a SNK  |b KIS3GCP 
992 |a RBX 
999 |c 1932821  |d 1934751